Days with Frog and Toad / by Arnold Lobel.
Available copies
- 1 of 2 copies available at LARL/NWRL Consortium.
- 0 of 1 copy available at Lake Agassiz Regional Library. (Show preferred library)
Current holds
0 current holds with 2 total copies.
View other formats and editions
Show Only Available Copies
| Location | Call Number / Copy Notes | Barcode | Shelving Location | Status | Due Date |
|---|---|---|---|---|---|
| Moorhead Public Library | EASY READER E L (Text) | 33500007353923 | Main | Checked out | 07/07/2026 |
| Thief River Falls Public Library | e LOB (Text) | 35500006871840 | Main | Available | - |
Record details
- ISBN: 0060239638 :
- ISBN: 0060239646 (lib. bdg.) :
- ISBN: 0590401092 (Scholastic pbk.)
- Physical Description: 64 p. : col. ill. ; 22 cm.
- Edition: 1st ed.
- Publisher: New York : Harper & Row, c1979.
Content descriptions
| Summary, etc.: | Frog and Toad spend their days together, but find ... Read More |
Search for related items by subject
| Subject: | Frogs > Juvenile fiction. Toads > Juvenile fiction. Friendship > Juvenile fiction. |
Search for related items by series
| LDR | 01145cam a2200313 4500 | ||
|---|---|---|---|
| 001 | 3046 | ||
| 003 | LARL_NWRL_CONSORTIUM | ||
| 005 | 20250604161831.0 | ||
| 008 | 781201s1979 nyua j 000 1 eng | ||
| 020 | . | ‡a0060239638 : ‡c$5.95 | |
| 020 | . | ‡a0060239646 (lib. bdg.) : ‡c$6.79 | |
| 020 | . | ‡a0590401092 (Scholastic pbk.) | |
| 035 | . | ‡a(OCoLC)4515430 | |
| 082 | . | ‡a[E] | |
| 092 | . | ‡aEASY | |
| 099 | . | ‡aL | |
| 100 | 1 | . | ‡aLobel, Arnold. ‡0(LARL_NWRL_CONSORTIUM)55563 |
| 245 | 1 | 0. | ‡aDays with Frog and Toad / ‡cby Arnold Lobel. |
| 250 | . | ‡a1st ed. | |
| 260 | . | ‡aNew York : ‡bHarper & Row, ‡cc1979. | |
| 300 | . | ‡a64 p. : ‡bcol. ill. ; ‡c22 cm. | |
| 490 | 0 | . | ‡aI can read! Level 2 |
| 520 | . | ‡aFrog and Toad spend their days together, but find sometimes it's nice to be alone. | |
| 650 | 0. | ‡aFrogs ‡vJuvenile fiction. ‡0(LARL_NWRL_CONSORTIUM)169511 | |
| 650 | 0. | ‡aToads ‡vJuvenile fiction. | |
| 650 | 0. | ‡aFriendship ‡vJuvenile fiction. ‡0(LARL_NWRL_CONSORTIUM)164914 | |
| 901 | . | ‡a3046 ‡bOCLC ‡c3046 ‡tbiblio | |

Add to basket
Permalink
Disable Highlighting